000 00543nam a2200217Ia 4500
003 OSt
005 20220928140638.0
006 a|||||r|||| 00| 0
007 ta
008 220927b |||||||| |||| 00| 0 eng d
024 _a10390
037 _cTextual
040 _aSDCL
_cSDCL
_beng
041 _2eng
_aeng
082 _aC2,2, L7
100 _aVillaggio Piero Ed.
_9496532
245 0 _aQualitativa methods in elasticity
260 _c1977
942 _hC2,2, L7
_cTEXL
_2CC
999 _c812912
_d812912